Culture Générale - Série 1380 - Statistiques

Statistiques générales
  • Ce quiz a été pris 137 fois
  • Le résultat moyen est 7 sur 10
Statistiques - réponses
Question Réponse % Correct
De quelle nationalité est une Hawaïenne ? américaine
97%
Comment écrit-on l'homonyme de "mante", lorsqu'il s'agit de la plante aromatique ? menthe
97%
Quelles dents pointues et tranchantes sont situées entre les incisives et les prémolaires ? canines
89%
Quel prénom féminin désigne aussi la lueur brillante et rosée, qui suit l'aube et précède le lever du soleil ? Aurore
88%
Quel nom, équivalent du "bazar" persan, désigne un marché des pays arabes et, familièrement, un lieu désordonné ? souk
86%
Dans son sketch "Le Scrabble", quel humoriste se moque du mot "kawax" [Prononcer "kaouaks"] de Liliane ? Pierre Palmade
65%
En anatomie, quel organe creux, situé entre le pharynx et la trachée, est le principal instrument de la voix ? larynx
63%
Quelle grande ville de l'Inde est la capitale de l'État du Maharashtra ? Mumbai
56%
Quelle péninsule égyptienne a été le théâtre de la guerre des Six-Jours ? Sinaï
42%
Dans quel film de Jacques Demy, Delphine Seyrig interprète-t-elle la fée des lilas ? Peau d'âne
31%
Aucun quiz correspondant
Distribution des résultats
% des personnes avec chaque résultat
Percentile par nombre de réponses
Votre historique - résultats
Vous n’avez pas pris ce quiz